000 00347nam a2200157Ia 4500
100 _abagha/Arshdeep/ Madisetti/Vijay
650 _aIOT
942 _cBK
366 _f20
654 _aIOT
245 _aInternet of things: Hands on approach
260 _bUniversities Press
_c2014
082 _a4.65
_bBAG
300 _a520
546 _aENGLISH
999 _c19171
_d19171